Američania navštívili kechnecký park

Bibliographic Details
Main Author: Hutňan, Marián (Author)
Format: Article
Language:Slovak
Subjects:

MARC

LEADER 00000nab a2200000 a 4500
001 vtls000933598
003 SK-MaSNL
005 20260303034807.0
008 140301e20030612xo 0 slo
035 |a KE42475 
040 |a KEVKJB  |b slo  |c KEVKJB  |e AACR2 
041 0 |a slo 
044 |a xo  |c SK 
080 |a 338.45  |2 1981 
100 1 |a Hutňan, Marián  |4 aut  |9 838495 
245 1 0 |a Američania navštívili kechnecký park 
650 0 7 |a priemyselné parky  |2 KEVKJB  |9 29007 
650 0 7 |a návštevy investorov  |2 KEVKJB  |9 1020691 
651 7 |a Kechnec (Slovensko)  |2 KEVKJB  |9 29464 
773 0 8 |t Hospodárske noviny  |g Roč. 11, č.111, 12.6.2003, s. 9 
773 0 8 |t Podniky a trhy 
852 |a ZVYKNI  |b KIS3GCP 
999 |c 1674835  |d 1676765